ბათუმის შოთა რუსთაველის სახელმწიფო უნივერსიტეტის ბიბლიოთეკა

გროზნო დაიგრა, მაგრამ არ დაცემულა (ბიბ.ჩანაწერი № 35753)

000 -LEADER
fixed length control field 00835nam a2200217Ia 4500
001 - CONTROL NUMBER
control field 1632
003 - CONTROL NUMBER IDENTIFIER
control field GE_BSU
008 - FIXED-LENGTH DATA ELEMENTS--GENERAL INFORMATION
fixed length control field 181216s||||||||xx |||||||||||||| ||und||
020 ## - INTERNATIONAL STANDARD BOOK NUMBER
International Standard Book Number 9789941412769
040 ## - CATALOGING SOURCE
Transcribing agency GE_BSU
080 ## - UNIVERSAL DECIMAL CLASSIFICATION NUMBER
Universal Decimal Classification number 94(470.661)+910.4(470.661)
100 ## - MAIN ENTRY--PERSONAL NAME
Personal name სურმანიძე,რამაზ
245 ## - TITLE STATEMENT
Title გროზნო დაიგრა, მაგრამ არ დაცემულა
245 ## - TITLE STATEMENT
Remainder of title (1997 წლის– შეხვედრებიიდა შთაბეჭდილებები).
260 ## - PUBLICATION, DISTRIBUTION, ETC.
Place of publication, distribution, etc. ბათუმი
260 ## - PUBLICATION, DISTRIBUTION, ETC.
Name of publisher, distributor, etc. შოთა რუსთაველის სახ. უნ–ტი
260 ## - PUBLICATION, DISTRIBUTION, ETC.
Date of publication, distribution, etc. 2011
300 ## - PHYSICAL DESCRIPTION
Extent 30 გვ. 19 სმ.
653 ## - INDEX TERM--UNCONTROLLED
Uncontrolled term გროზნო დაიგრა, მაგრამ არ დაცემულა
942 ## - ADDED ENTRY ELEMENTS (KOHA)
Koha item type წიგნი
ეგზემპლარები
Withdrawn status Lost status Damaged status Not for loan Date acquired Barcode Date last seen Price effective from Koha item type Public note
        2018-12-17 3156 2018-12-17 2018-12-17 წიგნი საცავი
        2018-12-17 3155 2018-12-17 2018-12-17 წიგნი საცავი
        2018-12-17 3154 2018-12-17 2018-12-17 წიგნი საცავი
        2018-12-17 3153 2018-12-17 2018-12-17 წიგნი საცავი
        2018-12-17 3152 2018-12-17 2018-12-17 წიგნი საცავი